[Event "SVK-ch Amateurs"]
[Site "Liptovsky Jan"]
[Date "2023.06.15"]
[Round "2"]
[White "Ziaran, Viliam"]
[Black "Profant, Tibor"]
[Result "0-1"]
[WhiteElo "1844"]
[BlackElo "2167"]
[PlyCount "103"]
[EventDate "2023.06.15"]
[EventType "swiss"]
[EventRounds "8"]
[EventCountry "SVK"]
[SourceTitle "CBM 214 Extra"]
[Source "ChessBase"]
[SourceDate "2023.07.31"]
[SourceVersion "1"]
[SourceVersionDate "2023.07.31"]
[SourceQuality "1"]

1. e4 c6 2. d4 g6 3. Nc3 Bg7 4. Be3 d5 5. e5 f6 6. f4 Nh6 7. Nf3 Bg4 8. h3 Bxf3 9. Qxf3 b5 10. g4 f5 11. g5 Nf7 12. h4 e6 13. h5 Nd7 14. Kf2 Ke7 15. a3 a5 16. Bd3 Nb6 17. b4 Qe8 18. h6 Bf8 19. Bd2 axb4 20. axb4 Qb8 21. Qd1 Kd7 22. Ne2 Be7 23. Rxa8 Qxa8 24. Qa1 Qb7 25. Nc1 Ra8 26. Qb1 Nc4 27. Bc3 Ra4 28. Nb3 Qa7 29. Ke2 Nd8 30. Bxc4 bxc4 31. Nc5+ Bxc5 32. bxc5 Ra3 33. Kd2 Rxc3 34. Kxc3 Qa3+ 35. Kd2 Qf3 36. Qf1 c3+ 37. Kc1 Qe3+ 38. Kb1 Qxd4 39. Qa6 Qb4+ 40. Kc1 Qxf4+ 41. Kb1 Qb4+ 42. Kc1 Qb2+ 43. Kd1 Qb1+ 44. Ke2 Qxh1 45. Qa7+ Ke8 46. Qxh7 Qe4+ 47. Kf1 Qf4+ 48. Ke1 Qxe5+ 49. Kd1 Qe3 50. Qxg6+ Kd7 51. Qg7+ Kc8 52. h7 0-1

[Event "SVK-chT1E 0910"]
[Site "Slovakia"]
[Date "2009.11.14"]
[Round "3.2"]
[White "Profant, Tibor"]
[Black "Kusiak, Matej"]
[Result "1/2-1/2"]
[WhiteElo "2215"]
[BlackElo "2025"]
[PlyCount "80"]
[EventDate "2009.10.17"]
[EventType "team"]
[EventRounds "11"]
[EventCountry "SVK"]
[SourceTitle "EXT 2011"]
[Source "ChessBase"]
[SourceDate "2010.11.26"]
[SourceVersion "1"]
[SourceVersionDate "2010.11.26"]
[SourceQuality "1"]
[WhiteTeam "Liptov"]
[BlackTeam "Kosice"]
[WhiteTeamCountry "SVK"]
[BlackTeamCountry "SVK"]

1. e4 c5 2. Nc3 d6 3. f4 Nf6 4. Nf3 g6 5. Bb5+ Bd7 6. Bxd7+ Qxd7 7. d3 Nc6 8. 0-0 Bg7 9. Qe1 0-0 10. Bd2 a6 11. h3 Nd4 12. Nxd4 cxd4 13. Ne2 Qb5 14. b4 Nd7 15. Qh4 Bf6 16. Qf2 Rac8 17. a4 Qb6 18. Rfc1 e5 19. f5 Bg7 20. g4 f6 21. c4 dxc3 22. Qxb6 Nxb6 23. Nxc3 Kf7 24. Be3 Nd7 25. Nd5 Rfd8 26. Kf2 Bf8 27. Nc7 Nc5 28. bxc5 Rxc7 29. cxd6 Rxc1 30. Rxc1 Bxd6 31. Bb6 Rd7 32. Rc8 Kg7 33. h4 Be7 34. Ke2 h5 35. fxg6 Kxg6 36. gxh5+ Kxh5 37. Rg8 Kh6 38. Be3+ Kh7 39. Re8 Kg6 40. Rg8+ Kh7 1/2-1/2

[Event "SVK-chT 0809"]
[Site "Slovakia"]
[Date "2009.02.15"]
[Round "9"]
[White "Profant, Tibor"]
[Black "Klemanic, Emil"]
[Result "1-0"]
[WhiteElo "2210"]
[BlackElo "2230"]
[PlyCount "27"]
[EventDate "2008.10.25"]
[EventType "team-tourn"]
[EventRounds "11"]
[EventCountry "SVK"]
[SourceTitle "EXT 2019"]
[Source "ChessBase"]
[SourceDate "2018.10.10"]
[SourceVersion "1"]
[SourceVersionDate "2018.10.10"]
[SourceQuality "1"]
[WhiteTeam "Liptov"]
[BlackTeam "Kosice Slavia"]
[WhiteTeamCountry "SVK"]
[BlackTeamCountry "SVK"]

1. e4 d6 2. d4 Nf6 3. Nc3 g6 4. Be3 Bg7 5. Qd2 c6 6. Bh6 0-0 7. h4 Qa5 8. h5 Nxh5 9. Be2 f6 10. g4 Bxh6 11. Qxh6 Ng7 12. Qxh7+ Kf7 13. Rh6 e6 14. Nh3 1-0

[Event "SVK-chT 0809"]
[Site "Slovakia"]
[Date "2009.02.14"]
[Round "8"]
[White "Profant, Tibor"]
[Black "Peterson, Eric"]
[Result "1-0"]
[WhiteElo "2210"]
[BlackElo "2253"]
[PlyCount "105"]
[EventDate "2008.10.25"]
[EventType "team-tourn"]
[EventRounds "11"]
[EventCountry "SVK"]
[SourceTitle "EXT 2019"]
[Source "ChessBase"]
[SourceDate "2018.10.10"]
[SourceVersion "1"]
[SourceVersionDate "2018.10.10"]
[SourceQuality "1"]
[WhiteTeam "Liptov"]
[BlackTeam "Kezmarok"]
[WhiteTeamCountry "SVK"]
[BlackTeamCountry "SVK"]

1. e4 e6 2. d4 d5 3. e5 c5 4. Nf3 cxd4 5. Bd3 Nc6 6. 0-0 f6 7. Bb5 Qc7 8. Qxd4 fxe5 9. Qxe5 Bd6 10. Qh5+ g6 11. Qh4 Nge7 12. Nc3 0-0 13. Bd3 a6 14. Ng5 Nf5 15. Bxf5 Rxf5 16. g4 Rf8 17. f4 b5 18. Bd2 Ra7 19. Rae1 Bxf4 20. Nxd5 Bxg5 21. Rxf8+ Kxf8 22. Qxg5 Qd8 23. Rf1+ Kg8 24. Nf6+ Kh8 25. Bc3 b4 26. Ne8+ Kg8 27. Qxd8 Nxd8 28. Bxb4 Rf7 29. Nf6+ Kg7 30. Bc3 g5 31. Rd1 Nb7 32. Nd7+ Kg8 33. Nb6 Rc7 34. Nxc8 Rxc8 35. Rd7 Nd8 36. Rg7+ Kf8 37. Rxg5 Nf7 38. Bb4+ Ke8 39. Rg8+ Kd7 40. Rg7 Ke8 41. Rg8+ Kd7 42. Rxc8 Kxc8 43. Kf2 Kd7 44. h4 Kc6 45. Ke3 Kd5 46. b3 e5 47. c4+ Ke6 48. Bf8 Nd8 49. Ke4 Nf7 50. b4 Nd8 51. b5 axb5 52. cxb5 Nb7 53. Bb4 1-0

[Event "SVK-chT 0809"]
[Site "Slovakia"]
[Date "2008.11.29"]
[Round "3"]
[White "Profant, Tibor"]
[Black "Antoniewski, Rafal"]
[Result "0-1"]
[WhiteElo "2210"]
[BlackElo "2508"]
[PlyCount "122"]
[EventDate "2008.10.25"]
[EventType "team-tourn"]
[EventRounds "11"]
[EventCountry "SVK"]
[SourceTitle "EXT 2019"]
[Source "ChessBase"]
[SourceDate "2018.10.10"]
[SourceVersion "1"]
[SourceVersionDate "2018.10.10"]
[SourceQuality "1"]
[WhiteTeam "Liptov"]
[BlackTeam "Dunajov"]
[WhiteTeamCountry "SVK"]
[BlackTeamCountry "SVK"]

1. e4 c5 2. Nc3 a6 3. f4 Nc6 4. Nf3 e6 5. d3 d5 6. g4 b5 7. Bg2 Bb7 8. 0-0 b4 9. exd5 exd5 10. Re1+ Be7 11. Na4 Qa5 12. b3 0-0-0 13. Be3 d4 14. Bf2 Qc7 15. Bg3 Bd6 16. Ne5 Na5 17. Nb2 Nf6 18. Nbc4 Nxc4 19. Nxc4 Bxg2 20. Nxd6+ Qxd6 21. Kxg2 h5 22. g5 Nd5 23. f5 Qc6 24. Qf3 Rd7 25. h4 Kb7 26. Kf2 Ne3 27. Re2 Rd5 28. Bf4 Rxf5 29. Qxc6+ Kxc6 30. Kg3 Nd5 31. Rf1 a5 32. Rf3 Rf8 33. Bc1 Rxf3+ 34. Kxf3 g6 35. a4 Kd7 36. Re5 Kd6 37. Bf4 Kc6 38. Re2 Rd8 39. Re4 Rc8 40. Bd2 Kd7 41. Re5 Ne7 42. Be1 Rc6 43. Bg3 Nf5 44. Bf2 Rc8 45. Bg3 Ne3 46. Bf4 Nxc2 47. Rd5+ Ke8 48. Bd6 Na1 49. Bxc5 Nxb3 50. Bb6 Rb8 51. Bxa5 Nxa5 52. Rxa5 b3 53. Re5+ Kd7 54. Re1 Kc6 55. Rc1+ Kb6 56. Ke4 Ka5 57. Kxd4 b2 58. Rb1 Kxa4 59. Kc5 Kb3 60. d4 Rc8+ 61. Kd6 Rd8+ 0-1

[Event "SVK-chT 0809"]
[Site "Slovakia"]
[Date "2008.10.25"]
[Round "1"]
[White "Theissl Pokorna, Regina"]
[Black "Profant, Tibor"]
[Result "1-0"]
[WhiteElo "2376"]
[BlackElo "2210"]
[PlyCount "61"]
[EventDate "2008.10.25"]
[EventType "team-tourn"]
[EventRounds "11"]
[EventCountry "SVK"]
[SourceTitle "EXT 2019"]
[Source "ChessBase"]
[SourceDate "2018.10.10"]
[SourceVersion "1"]
[SourceVersionDate "2018.10.10"]
[SourceQuality "1"]
[WhiteTeam "Trencin"]
[BlackTeam "Liptov"]
[WhiteTeamCountry "SVK"]
[BlackTeamCountry "SVK"]

1. e4 e6 2. d4 d5 3. Nd2 Be7 4. Ngf3 Nf6 5. Bd3 Nc6 6. c3 0-0 7. e5 Nd7 8. Qc2 f5 9. exf6 Nxf6 10. Ne5 Nxe5 11. dxe5 Ng4 12. Bxh7+ Kh8 13. Nf3 Bc5 14. Qg6 Rxf3 15. gxf3 Nxe5 16. Qh5 Nxf3+ 17. Qxf3 Kxh7 18. Be3 Bd6 19. 0-0-0 Bd7 20. Rhg1 Qf8 21. Qh5+ Kg8 22. Rd4 Qf7 23. Rxg7+ Qxg7 24. Rg4 Bf8 25. Bd4 Qxg4 26. Qxg4+ Kf7 27. Qh5+ Ke7 28. Bc5+ Kf6 29. Qf3+ Kg7 30. Bd4+ Kg8 31. Qf6 1-0

[Event "Prague Abner Memorial"]
[Site "Prague"]
[Date "2007.06.23"]
[Round "10"]
[White "Konopka, Michal"]
[Black "Profant, Tibor"]
[Result "1/2-1/2"]
[WhiteElo "2418"]
[BlackElo "2261"]
[PlyCount "92"]
[EventDate "2007.06.15"]
[EventType "tourn"]
[EventRounds "11"]
[EventCountry "CZE"]
[EventCategory "1"]
[SourceTitle "EXT 2008"]
[Source "ChessBase"]
[SourceDate "2007.11.25"]
[SourceVersion "1"]
[SourceVersionDate "2007.11.25"]
[SourceQuality "1"]

1. d4 d6 2. g3 e5 3. dxe5 dxe5 4. Qxd8+ Kxd8 5. Nc3 c6 6. f4 Nd7 7. Nf3 f6 8. Bh3 Bb4 9. Bxd7 Bxd7 10. fxe5 Bf5 11. Nd4 Bh3 12. Bf4 Bxc3+ 13. bxc3 g5 14. Be3 h6 15. 0-0-0 Kc7 16. Nf3 fxe5 17. Nxe5 Nf6 18. Bd4 Ne4 19. Nc4 Rhe8 20. Be5+ Rxe5 21. Nxe5 Nf2 22. Nd3 Nxh1 23. Rxh1 Re8 24. Kd2 Bg2 25. Rg1 Bd5 26. a3 Rf8 27. Re1 Be4 28. Nc5 Rd8+ 29. Kc1 Re8 30. Rf1 Kb6 31. Na4+ Kb5 32. Nb2 Re6 33. Rf7 Ka6 34. Kd2 Bd5 35. Rd7 b5 36. Nd3 Kb6 37. Nf2 a5 38. Ng4 Bc4 39. Ne3 Kc5 40. Rd4 Bd5 41. Ng4 Bc4 42. e4 h5 43. Ne3 Rf6 44. Nf5 Be6 45. Rd6 Rxf5 46. Rxe6 Rf2+ 1/2-1/2

[Event "Prague Abner Memorial"]
[Site "Prague"]
[Date "2007.06.21"]
[Round "8"]
[White "Pribyl, Josef"]
[Black "Profant, Tibor"]
[Result "1/2-1/2"]
[WhiteElo "2393"]
[BlackElo "2261"]
[PlyCount "89"]
[EventDate "2007.06.15"]
[EventType "tourn"]
[EventRounds "11"]
[EventCountry "CZE"]
[EventCategory "1"]
[SourceTitle "EXT 2008"]
[Source "ChessBase"]
[SourceDate "2007.11.25"]
[SourceVersion "1"]
[SourceVersionDate "2007.11.25"]
[SourceQuality "1"]

1. e4 c6 2. Nc3 d5 3. Nf3 Bg4 4. h3 Bh5 5. exd5 cxd5 6. Bb5+ Nc6 7. g4 Bg6 8. Ne5 Rc8 9. d4 e6 10. Qe2 Bb4 11. h4 Nge7 12. h5 Be4 13. 0-0 0-0 14. Bxc6 Nxc6 15. Nxc6 Rxc6 16. Nxe4 dxe4 17. c3 Bd6 18. Qxe4 Qh4 19. Re1 f5 20. gxf5 Bh2+ 21. Kg2 Qxh5 22. Qf3 Qxf3+ 23. Kxf3 Rxf5+ 24. Kg2 Bc7 25. Be3 a6 26. a4 g5 27. Rh1 Rb6 28. b4 Rc6 29. Rac1 b5 30. axb5 axb5 31. Rh6 Bf4 32. Bxf4 gxf4 33. Kf3 Kg7 34. Rch1 Rxc3+ 35. Ke4 Rc4 36. Rxh7+ Kg8 37. Rh8+ Kg7 38. R1h7+ Kg6 39. Rh6+ Kg7 40. Rxe6 Rf7 41. Reh6 Rxb4 42. Ke5 Rb2 43. R8h7+ Kg8 44. Rxf7 Kxf7 45. Rf6+ 1/2-1/2

[Event "Prague Abner Memorial"]
[Site "Prague"]
[Date "2007.06.15"]
[Round "1"]
[White "Profant, Tibor"]
[Black "Cifka, Stanislav"]
[Result "1/2-1/2"]
[WhiteElo "2261"]
[BlackElo "2370"]
[PlyCount "79"]
[EventDate "2007.06.15"]
[EventType "tourn"]
[EventRounds "11"]
[EventCountry "CZE"]
[EventCategory "1"]
[SourceTitle "EXT 2008"]
[Source "ChessBase"]
[SourceDate "2007.11.25"]
[SourceVersion "1"]
[SourceVersionDate "2007.11.25"]
[SourceQuality "1"]

1. e4 e6 2. d4 d5 3. e5 c5 4. Nf3 cxd4 5. Bd3 Nc6 6. 0-0 f6 7. Bb5 Bd7 8. Bxc6 bxc6 9. Qxd4 fxe5 10. Nxe5 Nf6 11. Bg5 Be7 12. Nd2 0-0 13. Nb3 Qc7 14. Nxd7 Qxd7 15. c4 Bd6 16. cxd5 cxd5 17. Bxf6 Rxf6 18. f4 Rc8 19. Rac1 Rff8 20. g3 Be7 21. Nc5 Bxc5 22. Rxc5 Rxc5 23. Qxc5 Rc8 24. Qe3 Rc2 25. Re1 Rxb2 26. Qxe6+ Qxe6 27. Rxe6 Rxa2 28. Rd6 Kf7 29. Rxd5 a5 30. Rd6 a4 31. Ra6 a3 32. g4 Ke7 33. Ra7+ Ke6 34. Ra5 Kd6 35. f5 Kc6 36. g5 Kd6 37. Ra6+ Ke7 38. Ra7+ Kd6 39. f6 gxf6 40. gxf6 1/2-1/2

[Event "SVK-chT 0607"]
[Site "Slovakia"]
[Date "2007.02.18"]
[Round "9"]
[White "Profant, Tibor"]
[Black "Gorusa, Miroslav"]
[Result "1-0"]
[WhiteElo "2261"]
[BlackElo "2183"]
[PlyCount "95"]
[EventDate "2006.10.21"]
[EventType "team-tourn"]
[EventRounds "11"]
[EventCountry "SVK"]
[SourceTitle "EXT 2019"]
[Source "ChessBase"]
[SourceDate "2018.10.10"]
[SourceVersion "1"]
[SourceVersionDate "2018.10.10"]
[SourceQuality "1"]
[WhiteTeam "Liptov"]
[BlackTeam "Nitra"]
[WhiteTeamCountry "SVK"]
[BlackTeamCountry "SVK"]

1. e4 Nf6 2. e5 Nd5 3. Nc3 e6 4. Nf3 d6 5. d4 Nd7 6. Be2 Nxc3 7. bxc3 dxe5 8. dxe5 Be7 9. 0-0 0-0 10. Be3 c5 11. a4 Qc7 12. Bf4 Rd8 13. c4 Nf8 14. Bd3 Ng6 15. Bg3 Bd7 16. h4 Bc6 17. h5 Nf8 18. Nd2 Qd7 19. a5 Qd4 20. Qe2 f5 21. exf6 Bxf6 22. Nf3 Qg4 23. Ne5 Qxe2 24. Bxe2 Be4 25. Rab1 Bxc2 26. Rxb7 Be4 27. Rc7 Rdc8 28. Rxc8 Rxc8 29. Rd1 Rd8 30. Rxd8 Bxd8 31. a6 Bc7 32. f3 Bxe5 33. Bxe5 Nd7 34. Bd6 Bc6 35. Bd3 h6 36. Kf2 Ba4 37. g4 Bb3 38. f4 Kf7 39. Kg3 Kf6 40. Kh4 Kf7 41. Bg6+ Kg8 42. Be8 Nb6 43. Bxc5 Bxc4 44. Bxb6 axb6 45. a7 Bd5 46. Kg3 Kf8 47. Bb5 Ke7 48. Be2 1-0

[Event "Tatry op"]
[Site "Tatranske Zruby"]
[Date "2005.09.16"]
[Round "8"]
[White "Matejovsky, Ondrej"]
[Black "Profant, Tibor"]
[Result "0-1"]
[WhiteElo "2103"]
[BlackElo "2222"]
[PlyCount "56"]
[EventDate "2005.09.10"]
[EventType "swiss"]
[EventRounds "9"]
[EventCountry "SVK"]
[SourceTitle "CBM 108 Extra"]
[Source "ChessBase"]
[SourceDate "2005.11.04"]
[SourceVersion "1"]
[SourceVersionDate "2005.11.04"]
[SourceQuality "1"]

1. e4 e5 2. Nf3 d6 3. d4 Nf6 4. Bg5 Be7 5. Bxf6 Bxf6 6. dxe5 dxe5 7. Qxd8+ Kxd8 8. Nc3 c6 9. 0-0-0+ Ke7 10. Bc4 Nd7 11. h4 b5 12. Bb3 Nc5 13. Nd2 g5 14. hxg5 Bxg5 15. Kb1 h5 16. f3 Bd7 17. Ne2 Rad8 18. Nf1 h4 19. Nc1 Bf4 20. Nd3 Nxd3 21. Rxd3 Rdg8 22. Bxf7 Rxg2 23. Bb3 h3 24. Ne3 Bxe3 25. Rxe3 h2 26. Ree1 Rh3 27. c3 Rxf3 28. Bd1 Rff2 0-1

[Event "Tatry op"]
[Site "Tatranske Zruby"]
[Date "2005.09.14"]
[Round "6"]
[White "Bargel, Martin"]
[Black "Profant, Tibor"]
[Result "1-0"]
[WhiteElo "2095"]
[BlackElo "2222"]
[PlyCount "85"]
[EventDate "2005.09.10"]
[EventType "swiss"]
[EventRounds "9"]
[EventCountry "SVK"]
[SourceTitle "CBM 108 Extra"]
[Source "ChessBase"]
[SourceDate "2005.11.04"]
[SourceVersion "1"]
[SourceVersionDate "2005.11.04"]
[SourceQuality "1"]

1. e4 c6 2. d4 d5 3. exd5 cxd5 4. c4 Nf6 5. Nc3 Nc6 6. Bg5 e6 7. Nf3 Be7 8. c5 0-0 9. Bb5 Ne4 10. Bxe7 Nxe7 11. Rc1 f5 12. Ne5 Qa5 13. Qa4 Qc7 14. Ne2 Ng6 15. Nxg6 hxg6 16. f3 Nf6 17. f4 Bd7 18. Bxd7 Nxd7 19. 0-0 Qc6 20. Nc3 Nf6 21. b4 Qxa4 22. Nxa4 Ne4 23. Nb2 g5 24. fxg5 Nxg5 25. Nd3 Ne4 26. Ne5 Rac8 27. a4 b6 28. cxb6 axb6 29. Nd7 Nc3 30. Rce1 Rf7 31. Nxb6 Rc6 32. a5 Nb5 33. Rd1 Rfc7 34. Na4 Rc4 35. Nc5 Kf7 36. a6 Nxd4 37. Ra1 Nb5 38. Rfb1 d4 39. Ra5 Na7 40. Nd3 Rc3 41. b5 Rxd3 42. b6 Rc2 43. bxa7 1-0

[Event "Tatry op"]
[Site "Tatranske Zruby"]
[Date "2005.09.12"]
[Round "3"]
[White "Profant, Tibor"]
[Black "Staszko, Martin"]
[Result "1-0"]
[WhiteElo "2222"]
[BlackElo "2075"]
[PlyCount "71"]
[EventDate "2005.09.10"]
[EventType "swiss"]
[EventRounds "9"]
[EventCountry "SVK"]
[SourceTitle "CBM 108 Extra"]
[Source "ChessBase"]
[SourceDate "2005.11.04"]
[SourceVersion "1"]
[SourceVersionDate "2005.11.04"]
[SourceQuality "1"]

1. e4 e6 2. d4 d5 3. e5 c5 4. dxc5 Nc6 5. Nf3 Bxc5 6. Bd3 Nge7 7. 0-0 Bd7 8. Bf4 Rc8 9. c3 a6 10. Nbd2 Ba7 11. h4 Na5 12. h5 h6 13. Nd4 Bxd4 14. cxd4 Qb6 15. Nf3 Bb5 16. b3 Nac6 17. Bxb5 Qxb5 18. Rc1 Kd7 19. Rc5 Qb6 20. Bc1 Nb4 21. a3 Nbc6 22. a4 Na5 23. Bd2 Nac6 24. b4 Nf5 25. a5 Qd8 26. Qa4 Ke7 27. Rfc1 g6 28. b5 axb5 29. Qxb5 Qd7 30. Bb4 Nxb4 31. Qxb4 Rxc5 32. Qxc5+ Kd8 33. Qb6+ Ke8 34. Rc7 Qd8 35. Qxb7 Ne7 36. a6 1-0

[Event "CZE-chT2c 0405"]
[Site "Czech Republic"]
[Date "2004.10.17"]
[Round "1.4"]
[White "Profant, Tibor"]
[Black "Danes, Jaroslav"]
[Result "1/2-1/2"]
[WhiteElo "2254"]
[BlackElo "2136"]
[PlyCount "58"]
[EventDate "2004.10.17"]
[EventType "team"]
[EventRounds "11"]
[EventCountry "CZE"]
[SourceTitle "EXT 2007"]
[Source "ChessBase"]
[SourceDate "2006.11.23"]
[SourceVersion "1"]
[SourceVersionDate "2006.11.23"]
[SourceQuality "1"]
[WhiteTeam "Praha Praga"]
[BlackTeam "Kutna Hora"]
[WhiteTeamCountry "CZE"]
[BlackTeamCountry "CZE"]

1. e4 c5 2. b3 Nc6 3. Bb2 Nf6 4. e5 Nd5 5. c4 Nc7 6. Nf3 Ne6 7. Be2 g6 8. 0-0 Bg7 9. b4 Nxb4 10. d4 cxd4 11. Nxd4 Nxd4 12. Bxd4 Nc6 13. Bc3 0-0 14. f4 Rb8 15. Bf3 Qb6+ 16. Kh1 Rd8 17. Bd5 d6 18. Qe1 e6 19. Bxc6 Qxc6 20. exd6 b6 21. Bxg7 Bb7 22. Rf2 Kxg7 23. Nc3 Qxd6 24. Nb5 Qc5 25. Qe5+ f6 26. Qxc5 bxc5 27. Nxa7 Ra8 28. Nb5 Ra4 29. Rc1 Rxc4 1/2-1/2

[Event "SVK Cup"]
[Site "Trencianske Teplice"]
[Date "2002.03.31"]
[Round "3"]
[White "Vavrak, Peter"]
[Black "Profant, Tibor"]
[Result "1-0"]
[WhiteElo "2351"]
[BlackElo "2141"]
[PlyCount "59"]
[EventDate "2002.03.29"]
[EventType "team"]
[EventRounds "3"]
[EventCountry "SVK"]
[SourceTitle "CBM 087 Extra"]
[Source "ChessBase"]
[SourceDate "2002.05.03"]
[SourceVersion "2"]
[SourceVersionDate "2002.08.09"]
[SourceQuality "1"]

1. Nf3 d6 2. c4 f5 3. d4 Nf6 4. Nc3 g6 5. g3 Bg7 6. Bg2 0-0 7. 0-0 Qe8 8. d5 Bd7 9. Be3 Na6 10. Rc1 h6 11. a3 c5 12. dxc6 bxc6 13. b4 Nc7 14. a4 Ng4 15. Bd2 e5 16. e4 Be6 17. c5 d5 18. exd5 Nxd5 19. h3 e4 20. hxg4 exf3 21. Bxf3 Nxb4 22. gxf5 gxf5 23. Bf4 Qf7 24. Bd6 Rfd8 25. Ne2 Bf8 26. Nf4 Bxd6 27. cxd6 Bd5 28. Nxd5 Rxd6 29. Qb3 a5 30. Ne7+ 1-0

[Event "SVK-chT2E 0102"]
[Site "Slovakia"]
[Date "2002.??.??"]
[Round "11"]
[White "Hlinka, Michal"]
[Black "Profant, Tibor"]
[Result "0-1"]
[WhiteElo "2244"]
[BlackElo "2147"]
[PlyCount "46"]
[EventDate "2001.10.??"]
[EventType "team"]
[EventRounds "11"]
[EventCountry "SVK"]
[SourceTitle "EXT 2006"]
[Source "ChessBase"]
[SourceDate "2005.11.24"]
[SourceVersion "1"]
[SourceVersionDate "2005.11.24"]
[SourceQuality "1"]

1. d4 f5 2. g3 Nf6 3. Bg2 g6 4. Nf3 Bg7 5. c4 d6 6. 0-0 0-0 7. Nc3 Qe8 8. d5 Bd7 9. Rb1 Na6 10. b4 c5 11. b5 Nc7 12. Bb2 h6 13. Nd2 g5 14. e4 f4 15. Re1 Ng4 16. Nf3 fxg3 17. hxg3 Qh5 18. Na4 Rxf3 19. Qxf3 Rf8 20. Qe2 Qh2+ 21. Kf1 Qxg3 22. f3 Nh2+ 23. Kg1 Nxf3+ 0-1

[Event "SVK-chT3C 0203"]
[Site "Slovakia"]
[Date "2002.??.??"]
[Round "?"]
[White "Prielozny, Stanislav"]
[Black "Profant, Tibor"]
[Result "1-0"]
[WhiteElo "2181"]
[BlackElo "2173"]
[PlyCount "68"]
[EventDate "2002.10.??"]
[EventType "team"]
[EventRounds "11"]
[EventCountry "SVK"]
[SourceTitle "EXT 2005"]
[Source "ChessBase"]
[SourceDate "2004.11.15"]
[SourceVersion "1"]
[SourceVersionDate "2004.11.15"]
[SourceQuality "1"]

1. d4 d6 2. Nf3 Bg4 3. e3 c6 4. h3 Bxf3 5. Qxf3 e5 6. dxe5 dxe5 7. Bc4 Qf6 8. Qe2 Nd7 9. a4 Qg6 10. 0-0 Ngf6 11. Nd2 e4 12. b3 Bd6 13. Bb2 0-0 14. Kh1 Ne5 15. Rg1 Rad8 16. Bc3 Bc7 17. b4 Nh5 18. Bb3 Nf6 19. Bd4 Qf5 20. Rad1 h5 21. Bc5 Rfe8 22. Nc4 Nfg4 23. Rxd8 Rxd8 24. Rf1 Nxc4 25. Bxc4 Ne5 26. Bb3 Nf3 27. Rd1 Rxd1+ 28. Qxd1 Qe5 29. g3 h4 30. Bd4 Qd6 31. c3 hxg3 32. Qg1 Qg6 33. Qg2 Nh4 34. Bxf7+ Kxf7 1-0

[Event "SVK-chT2E 0102"]
[Site "Slovakia"]
[Date "2002.??.??"]
[Round "7"]
[White "Profant, Tibor"]
[Black "Bochnickova, Andrea"]
[Result "1-0"]
[WhiteElo "2147"]
[BlackElo "2159"]
[PlyCount "45"]
[EventDate "2001.10.??"]
[EventType "team"]
[EventRounds "11"]
[EventCountry "SVK"]
[SourceTitle "EXT 2006"]
[Source "ChessBase"]
[SourceDate "2005.11.24"]
[SourceVersion "1"]
[SourceVersionDate "2005.11.24"]
[SourceQuality "1"]

1. e4 c5 2. Nc3 Nc6 3. Bb5 Nd4 4. Bc4 d6 5. Nge2 g6 6. d3 Bg7 7. 0-0 e6 8. Nxd4 cxd4 9. Ne2 Ne7 10. Bg5 h6 11. Bd2 0-0 12. Ng3 Bd7 13. f4 Kh7 14. h4 Bc6 15. f5 Be5 16. Bf4 gxf5 17. exf5 Rg8 18. Bxe5 dxe5 19. fxe6 Rxg3 20. Rxf7+ Rg7 21. Qh5 Qg8 22. Raf1 Rf8 23. R1f6 1-0

[Event "SVK-chT2E 0102"]
[Site "Slovakia"]
[Date "2002.??.??"]
[Round "10"]
[White "Profant, Tibor"]
[Black "Gerbery, Richard"]
[Result "0-1"]
[WhiteElo "2147"]
[BlackElo "2225"]
[PlyCount "60"]
[EventDate "2001.10.??"]
[EventType "team"]
[EventRounds "11"]
[EventCountry "SVK"]
[SourceTitle "EXT 2006"]
[Source "ChessBase"]
[SourceDate "2005.11.24"]
[SourceVersion "1"]
[SourceVersionDate "2005.11.24"]
[SourceQuality "1"]

1. e4 e5 2. Nf3 Nf6 3. Nxe5 d6 4. Nf3 Nxe4 5. d4 d5 6. Bd3 Bd6 7. 0-0 0-0 8. c4 c6 9. Nc3 Nxc3 10. bxc3 dxc4 11. Bxh7+ Kxh7 12. Ng5+ Kg6 13. h4 Rh8 14. f4 f5 15. Qe1 Qe8 16. Qg3 Kf6 17. Re1 Qg8 18. Rb1 b6 19. Rb2 Na6 20. Rbe2 Nc7 21. Nf3 Rh5 22. Ne5 g6 23. Nxc6 Bb7 24. Ne7 Qg7 25. d5 Bc5+ 26. Kf1 Rah8 27. Nxg6 Bxd5 28. Re7 Qxg6 29. Qxg6+ Kxg6 30. Rxc7 Rxh4 0-1

[Event "SVK-chT3C 0203"]
[Site "Slovakia"]
[Date "2002.??.??"]
[Round "?"]
[White "Profant, Tibor"]
[Black "Toma, Rudolf"]
[Result "1-0"]
[WhiteElo "2173"]
[BlackElo "2079"]
[PlyCount "119"]
[EventDate "2002.10.??"]
[EventType "team"]
[EventRounds "11"]
[EventCountry "SVK"]
[SourceTitle "EXT 2005"]
[Source "ChessBase"]
[SourceDate "2004.11.15"]
[SourceVersion "1"]
[SourceVersionDate "2004.11.15"]
[SourceQuality "1"]

1. e4 Nf6 2. e5 Nd5 3. Nc3 Nxc3 4. dxc3 d6 5. Nf3 Bg4 6. Bc4 e6 7. Bf4 Be7 8. h3 Bh5 9. Qe2 0-0 10. 0-0-0 Bxf3 11. Qxf3 d5 12. Qg3 Bh4 13. Qe3 h6 14. g3 Bg5 15. Bxg5 Qxg5 16. f4 Qe7 17. Bd3 c5 18. c4 Nc6 19. Kb1 Rfd8 20. cxd5 Rxd5 21. Be4 Rxd1+ 22. Rxd1 Rd8 23. Rxd8+ Nxd8 24. Qd3 b6 25. b3 Qc7 26. Kb2 Kf8 27. Bf3 Ke7 28. g4 Qd7 29. Qe4 g6 30. Kc3 Nc6 31. Qd3 Qxd3+ 32. Kxd3 Nd4 33. Bd1 Nb5 34. a4 Nc7 35. Bf3 Kd7 36. Kc4 a5 37. Be4 Ke7 38. c3 Kd7 39. Bf3 Ke7 40. h4 Kf8 41. Kd3 Kg7 42. Bc6 Kf8 43. Ke4 Ke7 44. f5 g5 45. hxg5 hxg5 46. f6+ Kd8 47. Kd3 Na6 48. Kc4 Nc7 49. b4 cxb4 50. cxb4 axb4 51. Kxb4 Kc8 52. a5 bxa5+ 53. Kxa5 Kd8 54. Kb6 Kc8 55. Kc5 Kd8 56. Kd6 Na6 57. Bb5 Nc7 58. Bd7 Na6 59. Bxe6 fxe6 60. f7 1-0

[Event "SVK-chT1E 0001"]
[Site "Slovakia"]
[Date "2001.??.??"]
[Round "9"]
[White "Krnan, Tomas"]
[Black "Profant, Tibor"]
[Result "0-1"]
[WhiteElo "2155"]
[BlackElo "2163"]
[PlyCount "50"]
[EventDate "2000.??.??"]
[EventType "team"]
[EventRounds "11"]
[EventCountry "SVK"]
[SourceTitle "EXT 2002"]
[Source "ChessBase"]
[SourceDate "2001.11.25"]
[SourceVersion "1"]
[SourceVersionDate "2001.11.25"]
[SourceQuality "1"]

1. e4 e6 2. d3 d5 3. Nd2 Nf6 4. Ngf3 Be7 5. g3 c5 6. Bg2 Nc6 7. 0-0 Qc7 8. Re1 b6 9. e5 Nd7 10. Qe2 Bb7 11. Nf1 h6 12. h4 0-0-0 13. N1h2 Rdg8 14. Ng4 Nd8 15. h5 Bg5 16. Nxg5 hxg5 17. Bxg5 Rxh5 18. Bf4 Rgh8 19. Bf3 Nc6 20. c3 g5 21. Bd2 d4 22. Nf6 g4 23. Nxg4 Ncxe5 24. Bxb7+ Qxb7 25. Qe4 Nxg4 0-1